Welcome to the Holygrace Academy Library

Please use search bar below to get started

COBBLESTONE HEROES (Record no. 3562)

MARC details
000 -LEADER
fixed length control field 00568nam a22001457a 4500
020 ## - INTERNATIONAL STANDARD BOOK NUMBER
ISBN 978-0-7499-5698-1
082 ## - DEWEY DECIMAL CLASSIFICATION NUMBER
Classification number 823
Item number MCC/C
100 ## - MAIN ENTRY--AUTHOR NAME
Personal name McCOY, KEN
245 ## - TITLE STATEMENT
Title COBBLESTONE HEROES
260 ## - PUBLICATION, DISTRIBUTION, ETC. (IMPRINT)
Place of publication ENGLAND
Name of publisher PIATKUS
Year of publication 1999
300 ## - PHYSICAL DESCRIPTION
Number of Pages 289
520 ## - SUMMARY, ETC.
Summary, etc Three children are found alive after having been buried alive for 12 hours in the rubble of their bombed-out home. One of them, Billy, is sent off to an orphanage, and his older brother and sister later decide to run away from the aunt who is caring for them.
650 ## - SUBJECT ADDED ENTRY--TOPICAL TERM
Topical Term NOVEL
Geographic subdivision UNITED KINGDOM
942 ## - ADDED ENTRY ELEMENTS (KOHA)
Koha item type Books
Holdings
Withdrawn status Lost status Collection code Home library Current library Shelving location Date acquired Source of acquisition Cost, normal purchase price Full call number Accession Number Koha item type
    Fiction Main Library Main Library SHELF 14 H ALPHEBETICAL - M-FICTION 28/01/2019 purchase 130.00 823 MCC/C 10712 Books